000 00315nam a22001337a 4500
082 _a823
_bJAI/B
100 _aJAIN, KULDDEP
245 _aBEAUTY AND THE BEAST
246 _aBEAUTY AND THE BEAST
_bBEAUTY AND THE BEAST
260 _aNEW DELHI
_bPEGASUS
_c2025
300 _a16
650 _aENGLISH STORY
942 _cBK
999 _c9149
_d9149